Poisťovňa Otčina - Váš blízky partner Ako sporiť na horšie časy

Nový produkt poisťovne Otčina, a.s. - poistenie štúdium plus. Životné a dôchodkové poistenie ako významný doplnok štátneho sociálneho zabezpečenia. V pripravovanej novele k zákonu č. 286/1992 Zb. o dani z pridanej hodnoty navrhuje Slovenská asociácia poisťovní zaradenie životného poistenia ako nákla...

Descrizione completa

Salvato in:
Dettagli Bibliografici
Autore principale: Mocker, P.
Natura: Capitolo di libro
Lingua:slovacco
Soggetti:
Tags: Aggiungi Tag
Nessun Tag, puoi essere il primo ad aggiungerne!!

MARC

LEADER 00000naa a2200000 4500
001 r028157
005 20230925122144.9
041 0 |a slo 
044 |a SK 
245 1 0 |a Poisťovňa Otčina - Váš blízky partner  |b Ako sporiť na horšie časy  |c P. Mocker 
520 |a Nový produkt poisťovne Otčina, a.s. - poistenie štúdium plus. Životné a dôchodkové poistenie ako významný doplnok štátneho sociálneho zabezpečenia. V pripravovanej novele k zákonu č. 286/1992 Zb. o dani z pridanej hodnoty navrhuje Slovenská asociácia poisťovní zaradenie životného poistenia ako nákladovej položky u právnických osôb a položky znižujúcej základ dane u fyzických osôb. 
610 2 0 |a poistenie životné 
610 2 0 |a poistenie dôchodkové 
610 2 0 |a Otčina, a.s. Bratislava 
610 2 0 |a poisťovne komerčné 
610 2 0 |a dane z hodnoty pridanej 
100 1 |a Mocker, P.